LDR 00790naa#a2200193#i#450# 001 EN\\bibl\116946 005 20260430114158.4 011 ## _a1994-4683 100 ## _a20260429b2026####ek#y0engy0150####ca 102 ## _aRU 200 1# _aPsychological factors of sports motivation in student-athletes: systematization and analysis of their influence on the effectiveness of training and competitive activity _eJournal article 210 1# _aMoscow _cNational State University of Physical Education, Sports and Health named after P.F. Lesgaft _d2026 215 ## _a8 с. 608 ## _aJournal article _2local 675 ## _aПсихология. 159.9 _z 700 #1 _aMokeeva _gLyudmila Alekseevna 700 #1 _aMikhailova _gOlga Nikolaevna 700 #1 _aGolovina _gLyudmila Gennadievna 856 4# _auchzapiski.lesgaft.spb.ru _u